000 00363 a2200169 4500
001 183636
020 _a85-00-51555-4
040 _cMagnum
100 _aEdmondson, Madeleine
240 1 0 _aO ovo da Bruxa
_lpor
245 1 0 _aO ovo da Bruxa
300 _a47
362 0 _a1998
440 1 _aEdiouro
697 _aLITERATURA JUVENIL ESTRANGEIRA
942 _cBK
999 _c183636
_d183636